[Event "AUTO-ADV-4907"]
[Site "http://www.queenalice.com/game.php?id=1866645"]
[Date "2025.12.6"]
[Round "1"]
[White "maurice916"]
[Black "carlitomontana93270"]
[Result "1/2-1/2"]
[WhiteElo "1889"]
[BlackElo "1922"]

1. Nf3 c5 2. b3 d6 3. Bb2 e6 4. e3 Nd7 5. d4 cxd4 6. Nxd4 g6 7. Nxe6 fxe6 8.
Bxh8 e5 9. f4 Be7 10. fxe5 Nxe5 11. Nd2 Qb6 12. Bxe5 dxe5 13. Bc4 Qxe3+ 14. Qe2
Qd4 15. Rb1 Nf6 16. Qd3 Qb6 17. c3 Ng4 18. Qf3 Bc5 19. Ne4 Bf5 20. h3 Nh6 21.
Nxc5 Bxb1 22. Nxb7 e4 23. Qf4 Qxb7 24. Qxh6 O-O-O 25. O-O Bd3 26. Rf7 Qb6+ 27.
Kh2 Qd6+ 28. Kh1 Bxc4 29. bxc4 Rd7 30. Rxd7 Qxd7 31. Qf8+ Kb7 32. Qb4+ Ka8 33.
Qf8+ Kb7 34. Qb4+ Kc7 35. Qc5+ Kb8 36. Qb5+ Kc7 37. Qe5+ Qd6 38. Qxe4 Qd2 39.
Qe7+ Kc6 40. Qe4+ Kc7 41. Qe5+ Kb7 1/2-1/2

[Event "AUTO-ADV-4907"]
[Site "http://www.queenalice.com/game.php?id=1866646"]
[Date "2025.12.6"]
[Round "1"]
[White "carlitomontana93270"]
[Black "maurice916"]
[Result "1-0"]
[WhiteElo "1906"]
[BlackElo "1905"]

1. c4 c6 2. g3 Nf6 3. Bg2 d5 4. cxd5 cxd5 5. e3 e5 6. d3 Nc6 7. Nf3 Bd6 8. O-O
O-O 9. b3 Bg4 10. Nbd2 e4 11. dxe4 dxe4 12. Bb2 Qe7 13. Bxf6 Qxf6 14. Nxe4 Qe7
15. Qxd6 Qxe4 16. Nd4 Qg6 17. Qxg6 fxg6 18. Bxc6 bxc6 19. Nxc6 Bf3 20. Ne5 Be2
21. Rfe1 Bb5 22. Rac1 Rfe8 23. f4 Rad8 24. Rcd1 Rc8 25. Rc1 Rcd8 26. Red1 Rb8
27. Rc7 a6 28. Rd2 g5 29. a4 gxf4 30. exf4 Bxa4 31. bxa4 Rb4 32. Rdd7 Rxa4 33.
Rxg7+ Kh8 34. Rxh7+ Kg8 35. Rcg7+ Kf8 36. Nd7# 1-0

[Event "AUTO-ADV-4907"]
[Site "http://www.queenalice.com/game.php?id=1866653"]
[Date "2025.12.6"]
[Round "1"]
[White "Carlos19"]
[Black "carlitomontana93270"]
[Result "0-1"]
[WhiteElo "1573"]
[BlackElo "1827"]

1. e4 c5 2. Bc4 e6 3. Nf3 g6 4. d3 Bg7 5. e5 Nc6 6. a3 Qc7 7. Qe2 Nxe5 8. Bf4 d6
9. O-O Nxc4 10. dxc4 Bxb2 11. Ra2 Bg7 12. Re1 Nf6 13. h3 O-O 14. Nc3 Nh5 15. Bh2
Bxc3 16. Rd1 Be5 17. Bxe5 dxe5 18. Nxe5 b6 19. Nd3 Bb7 20. g4 Qc6 21. f3 Nf6 22.
Ne5 Qc7 23. f4 Rad8 24. c3 Rxd1+ 25. Qxd1 Rd8 26. Qe2 Nd7 27. Nxd7 Rxd7 28. f5
Qc6 29. Qg2 Qxg2+ 30. Rxg2 Bxg2 31. Kxg2 Rd3 32. h4 Rxc3 33. fxg6 hxg6 34. h5
gxh5 35. gxh5 Rxa3 0-1

[Event "AUTO-ADV-4907"]
[Site "http://www.queenalice.com/game.php?id=1866654"]
[Date "2025.12.6"]
[Round "1"]
[White "carlitomontana93270"]
[Black "Carlos19"]
[Result "1-0"]
[WhiteElo "1801"]
[BlackElo "1580"]

1. c4 e5 2. d3 Bc5 3. e3 Nf6 4. g3 d6 5. Bg2 Nc6 6. Nf3 h6 7. O-O O-O 8. Nc3 a6
9. Na4 Ba7 10. Nc3 Bg4 11. h3 Bxf3 12. Qxf3 Nb4 13. Qe2 Nc6 14. Bxc6 bxc6 15. b3
c5 16. Qf3 Bb6 17. Ne4 Nxe4 18. Qxe4 Qd7 19. f4 exf4 20. exf4 Qxh3 21. Qf3 Rae8
22. Bb2 f5 23. Rae1 Rxe1 24. Rxe1 Kf7 25. Re2 Qg4 26. Qd5+ Kg6 27. Re6+ Kh5 28.
Qh1+ 1-0

[Event "AUTO-ADV-4908"]
[Site "http://www.queenalice.com/game.php?id=1866893"]
[Date "2025.12.11"]
[Round "1"]
[White "MarcosT"]
[Black "carlitomontana93270"]
[Result "0-1"]
[WhiteElo "2091"]
[BlackElo "1919"]

1. d4 e6 2. e3 c5 3. c3 cxd4 4. cxd4 d5 5. Nd2 g6 6. Be2 Bg7 7. Ngf3 Nf6 8. O-O
O-O 9. Ne5 Nc6 10. Ndf3 Nxe5 11. Nxe5 Nd7 12. f4 Nxe5 13. fxe5 b6 14. Bd3 Bd7
15. a4 a5 16. e4 dxe4 17. Bxe4 Rb8 18. Be3 Rc8 19. Qf3 Qe7 20. d5 Bxe5 21. Rab1
Bxa4 22. Qh3 Bg7 23. Bh6 exd5 24. Bxg7 Kxg7 25. Bd3 Bd7 26. Qf3 Qc5+ 27. Kh1 Be6
28. Qf6+ Kg8 29. Rbc1 Qe3 30. Rxc8 Rxc8 31. h3 Qxd3 32. Re1 Qg3 0-1

[Event "AUTO-ADV-4908"]
[Site "http://www.queenalice.com/game.php?id=1866894"]
[Date "2025.12.11"]
[Round "1"]
[White "carlitomontana93270"]
[Black "MarcosT"]
[Result "0-1"]
[WhiteElo "1921"]
[BlackElo "2081"]

1. c4 e5 2. d3 d6 3. g3 Nf6 4. Bg2 c6 5. Nf3 Be7 6. O-O O-O 7. Nc3 Re8 8. b3 d5
9. Nxe5 Bb4 10. Bd2 Rxe5 11. cxd5 cxd5 12. a3 Ba5 13. b4 Bc7 14. d4 Re8 15. e3
Bf5 16. Qf3 Qd7 17. Rfe1 Ne4 18. Nxe4 Bxe4 19. Qe2 Bxg2 20. Kxg2 Nc6 21. b5 Nxd4
22. Qd3 Nxb5 23. a4 Nd6 24. Bb4 Nf5 25. e4 Nh6 26. Rec1 Rxe4 27. Qc2 Be5 28. Ra2
Rxb4 0-1

[Event "AUTO-ADV-4908"]
[Site "http://www.queenalice.com/game.php?id=1866905"]
[Date "2025.12.11"]
[Round "1"]
[White "SGF"]
[Black "carlitomontana93270"]
[Result "0-1"]
[WhiteElo "1771"]
[BlackElo "1895"]

1. e4 c5 2. Qf3 e6 3. d3 d6 4. Be2 Qf6 5. Qg3 g6 6. Nc3 Bg7 7. Qxd6 Qe7 8. Qxe7+
Nxe7 9. Nb5 Na6 10. Nf3 Bd7 11. a4 O-O 12. Nd6 Nc8 13. Nxb7 Bc6 14. Na5 Bd7 15.
e5 Ne7 16. c4 Nb4 17. Kd2 Nf5 18. b3 Nd4 19. Nxd4 cxd4 20. Ba3 Bh6+ 21. Kd1 Rab8
22. Bxb4 Rxb4 23. Kc2 Bf4 24. g3 Bxe5 25. f4 Bc7 26. Rhf1 Bxa5 27. h4 Rfb8 28.
Rab1 Bc7 29. g4 e5 30. fxe5 Bxe5 31. h5 g5 32. h6 Bf4 33. Bf3 f6 34. Rfe1 Re8
35. Rxe8+ Bxe8 36. Re1 Be5 37. a5 Kf7 38. a6 Kg6 39. Rh1 Rb6 40. Be4+ Kf7 41.
Bxh7 Rxa6 42. Kb2 Bc6 43. Be4 Bxe4 44. dxe4 Kg8 45. Kc2 Ra2+ 46. Kb1 Rh2 47.
Rxh2 Bxh2 48. c5 Kh7 49. c6 Kxh6 50. Kc2 Be5 51. Kd3 Kg7 52. b4 a6 53. Kc4 Kf7
54. c7 Bxc7 55. Kxd4 Ke6 56. Kd3 Ke5 57. Ke3 Bb6+ 58. Kd3 Kf4 59. Ke2 Kxe4 60.
Kd2 Kf4 61. Kd3 Kxg4 62. Ke4 Bc7 63. Kd5 Kf4 64. Kc6 Be5 65. Kb6 g4 66. Kxa6 g3
67. b5 g2 68. b6 g1=Q 69. b7 Qb1 70. Ka7 Bc7 71. b8=Q Qxb8+ 72. Ka6 Qb6# 0-1

[Event "AUTO-ADV-4908"]
[Site "http://www.queenalice.com/game.php?id=1866906"]
[Date "2025.12.11"]
[Round "1"]
[White "carlitomontana93270"]
[Black "SGF"]
[Result "1-0"]
[WhiteElo "1883"]
[BlackElo "1783"]

1. c4 e5 2. d3 Qf6 3. Nf3 d6 4. Bg5 Qg6 5. Bd2 Be7 6. g3 h5 7. Nc3 c6 8. Bg2 h4
9. Qc2 h3 10. Bf1 Bg4 11. Ng1 Nf6 12. f3 Be6 13. g4 b5 14. Bxh3 bxc4 15. Ne4 d5
16. Nxf6+ Bxf6 17. Qc1 cxd3 18. exd3 Na6 19. Qxc6+ Bd7 20. Qxa8+ Bd8 21. Qxd5
Qe6 22. Qxe6+ Bxe6 23. Bf1 g5 24. d4 Nc7 25. dxe5 Nd5 26. Nh3 f6 27. exf6 Bxf6
28. Rb1 O-O 29. Nxg5 Bxg5 30. Bxg5 Rxf3 31. Bg2 Rd3 32. Bxd5 Bxd5 33. Rd1 Rxd1+
34. Kxd1 Bxh1 35. a3 Bf3+ 36. Kd2 Bxg4 37. h4 Kg7 38. Kc3 Kf7 39. Kb4 a6 40. Ka5
Bc8 41. Kb6 Ke6 42. b4 Kd5 43. h5 Kc4 44. Ka5 Kb3 45. a4 Bd7 46. h6 Bf5 47. b5
axb5 48. axb5 Kc4 49. b6 Be4 50. h7 Bxh7 51. b7 Kd4 52. b8=Q Be4 53. Qd6+ Bd5
54. Kb4 Ke4 55. Qf4+ Kd3 56. Bf6 Be4 57. Kc5 Bb7 58. Qd4+ Ke2 59. Qc3 Kf2 60.
Kd4 Kg1 61. Qd2 Bg2 62. Bh4 Kh2 63. Qf2 Kh1 64. Ke5 Kh2 65. Kf4 Kh1 66. Qe2 Kh2
67. Kg4 Kg1 68. Kg3 Kh1 69. Qxg2# 1-0

[Event "AUTO-ADV-4908"]
[Site "http://www.queenalice.com/game.php?id=1866911"]
[Date "2025.12.11"]
[Round "1"]
[White "mvson33"]
[Black "carlitomontana93270"]
[Result "0-1"]
[WhiteElo "1834"]
[BlackElo "1868"]

1. e4 c5 2. Nf3 d6 3. Nc3 g6 4. Be2 Bg7 5. O-O Nf6 6. d3 O-O 7. Bg5 Nbd7 8. d4
cxd4 9. Nxd4 Qb6 10. Rb1 h6 11. Bh4 Nxe4 12. Nxe4 Qxd4 13. Qxd4 Bxd4 14. c3 Bb6
15. Nd2 e5 16. Be7 Re8 17. Bxd6 Nf6 18. Rfe1 Bf5 19. Nf3 Bxb1 0-1

[Event "AUTO-ADV-4908"]
[Site "http://www.queenalice.com/game.php?id=1866912"]
[Date "2025.12.11"]
[Round "1"]
[White "carlitomontana93270"]
[Black "mvson33"]
[Result "1-0"]
[WhiteElo "1948"]
[BlackElo "1942"]

1. c4 e5 2. d3 Nf6 3. e3 Bb4+ 4. Bd2 Bxd2+ 5. Qxd2 O-O 6. g3 Nc6 7. Bg2 d6 8.
Nf3 Bg4 9. O-O Qe7 10. Nc3 Rad8 11. Rad1 Rd7 12. a3 Rfd8 13. e4 Nd4 14. Qe3
Nxf3+ 15. Bxf3 Bxf3 16. Qxf3 a6 17. Nd5 Nxd5 18. cxd5 Qg5 19. Qe2 f5 20. f3 fxe4
21. dxe4 Rf7 22. Rc1 Rdf8 23. Kg2 Qe7 24. Rc2 Qf6 25. Rc3 Qe7 26. b4 Qf6 27. b5
Ra8 28. a4 axb5 29. Qxb5 Rb8 30. a5 Rff8 31. Rxc7 Rf7 32. Rxf7 Qxf7 33. a6 Qc7
34. axb7 Qxb7 35. Qxb7 Rxb7 36. Rc1 Kf7 37. Rc6 Rd7 38. Kh3 Ke7 39. Kg4 Kf6 40.
f4 exf4 41. gxf4 h6 42. e5+ Ke7 43. e6 Ra7 44. Kf5 1-0

[Event "AUTO-ADV-4909"]
[Site "http://www.queenalice.com/game.php?id=1867267"]
[Date "2025.12.19"]
[Round "1"]
[White "mvson33"]
[Black "carlitomontana93270"]
[Result "1-0"]
[WhiteElo "1944"]
[BlackElo "1940"]

1. e4 c5 2. Nf3 d6 3. Nc3 e6 4. Bc4 g6 5. O-O Bg7 6. d3 Nf6 7. Bg5 Nbd7 8. Bb3
O-O 9. Ne2 h6 10. Bh4 g5 11. Bg3 g4 12. Nh4 Kh7 13. Bxd6 Rh8 14. Bg3 b6 15. f4
Ne8 16. f5 exf5 17. Nxf5 h5 18. Nxg7 Kxg7 19. Rxf7+ Kh6 20. Qd2+ Kg6 21. Nf4+
Kh6 22. Ne6+ Kg6 23. Nxd8 Nef6 24. Rxf6+ Nxf6 25. Ne6 Bxe6 26. Bxe6 Rae8 27.
Bf5+ Kf7 28. Be5 1-0

[Event "AUTO-ADV-4909"]
[Site "http://www.queenalice.com/game.php?id=1867268"]
[Date "2025.12.19"]
[Round "1"]
[White "carlitomontana93270"]
[Black "mvson33"]
[Result "1-0"]
[WhiteElo "1941"]
[BlackElo "1984"]

1. c4 Nf6 2. d3 e5 3. e3 Be7 4. g3 O-O 5. Bg2 Nc6 6. Nf3 d6 7. O-O Bg4 8. Nbd2
Qd7 9. b3 Rfe8 10. Re1 Rad8 11. Bb2 Bh5 12. Qc2 Bg6 13. e4 Kh8 14. Nh4 Rf8 15.
Nxg6+ fxg6 16. Nf3 Qe6 17. d4 exd4 18. Nxd4 Nxd4 19. Bxd4 c6 20. Bb2 Qd7 21.
Rad1 Qe6 22. e5 dxe5 23. Rxe5 Qf7 24. Rde1 Rfe8 25. Qe2 Bd6 26. Rxe8+ Rxe8 27.
Qf1 Rxe1 28. Qxe1 h6 29. Qe3 b6 30. Bxc6 Bc5 31. Qf3 Kh7 32. Bd5 Qe7 33. Kg2
Nxd5 34. cxd5 Ba3 35. Bc3 Bd6 36. Qe3 Bc5 37. Qxe7 Bxe7 38. Be5 Bd8 39. d6 Kg8
40. Kf3 Kf7 41. Ke4 Bf6 42. f4 Ke6 43. h4 Bxe5 44. fxe5 a6 45. g4 b5 46. Kd4 g5
47. h5 a5 48. Kc5 Kd7 49. e6+ Kxe6 50. Kc6 b4 51. Kc7 1-0

[Event "AUTO-ADV-4910"]
[Site "http://www.queenalice.com/game.php?id=1867368"]
[Date "2025.12.27"]
[Round "1"]
[White "carlitomontana93270"]
[Black "maurice916"]
[Result "0-1"]
[WhiteElo "1934"]
[BlackElo "2057"]

1. c4 c6 2. g3 Nf6 3. Bg2 d5 4. b3 e5 5. d3 Bb4+ 6. Bd2 Bxd2+ 7. Nxd2 Be6 8.
Ngf3 O-O 9. O-O Na6 10. Nxe5 Nc7 11. Ndf3 h6 12. cxd5 Ncxd5 13. Qd2 Qc7 14. d4
Rad8 15. e3 Ne4 16. Qc2 Ndf6 17. Ne1 Bd5 18. f3 Nd6 19. N1d3 Rc8 20. Bh3 Rcd8
21. e4 Be6 22. Bxe6 fxe6 23. Rac1 Qb6 24. Qc4 Nxc4 25. Rxc4 Rxd4 26. Rc3 Rc4+
0-1

[Event "AUTO-ADV-4911"]
[Site "http://www.queenalice.com/game.php?id=1867614"]
[Date "2026.1.7"]
[Round "1"]
[White "carlitomontana93270"]
[Black "mvson33"]
[Result "1-0"]
[WhiteElo "1959"]
[BlackElo "1881"]

1. c4 Nf6 2. d3 d5 3. cxd5 Nxd5 4. e4 Nf6 5. g3 e5 6. Bg2 Be7 7. Nf3 Nc6 8. O-O
O-O 9. Nc3 Bg4 10. Qc2 Bd6 11. Bg5 Be7 12. h3 Be6 13. b3 h6 14. Be3 Qd7 15. Rad1
Rad8 16. Rd2 Qe8 17. Rfd1 Bd6 18. d4 exd4 19. Nxd4 Nxd4 20. Rxd4 Be7 21. Rxd8
Bxd8 22. f3 Qc6 23. f4 Qe8 24. e5 Nd7 25. Kh2 f6 26. exf6 Nxf6 27. Qf2 a6 28.
Bxb7 Qf7 29. Rd4 Nd5 30. Nxd5 Be7 31. Nxe7+ Qxe7 32. Bd5 Bxd5 33. Rxd5 Qf7 34.
Re5 Re8 35. Qb2 Rxe5 36. Qxe5 Kh7 37. Bd4 Kg8 38. Qc5 Qd7 39. Qc4+ Kh8 40. a4 a5
41. Qc3 c6 42. Bxg7+ Qxg7 43. Qxg7+ Kxg7 44. Kg2 Kf6 45. Kf3 Kf5 46. g4+ Kf6 47.
Ke4 Ke6 48. h4 1-0